书目信息 |
| 书名: | What is mathematics, really? | |
| 作者: | Reuben Hersh. | |
| 分册号: | ||
| 分册名: | 出版地: | New York : |
|
| 出版社: | Oxford University Press | |
| 出版时间: | 1997. | |
| 页数: | xxiv, 343 p. : | |
| 开本: | 25 cm. | |
| 丛书名: | ||
| 中图分类号: | ||
| 科图分类号: | ||
| 其他分类号: | B80-05 | |
| 主题词: | ||
| 电子资源: | http://www.loc.gov/catdir/enhancements/fy0723/96038483-b.html http://www.loc.gov/catdir/enhancements/fy0636/96038483-d.html | |
| 000 | 01203cam a2200301 a 450 | |
| 001 | E0759782740 | |
| 005 | 20070517164013.67 | |
| 008 | 960814s1997 nyua b 001 0 eng | |
| 010 | @a96038483 | |
| 020 | @a0-224-04417-6. | |
| 035 | @A(DLC) 96038483 | |
| 040 | @aDLC@cDLC@dDLC | |
| 050 | 00 | @aQA8.4@b.H47 1997 |
| 082 | 00 | @a510/.1@2 20 |
| 090 | @aB80-05 | |
| 099 | @dB80-05@ex44 | |
| 100 | 1 | @aHersh, Reuben,@d1927- |
| 245 | 10 | @aWhat is mathematics, really? / @cReuben Hersh. |
| 260 | @aNew York :@bOxford University Press,@c1997. | |
| 300 | @axxiv, 343 p. :@bill. ;@c25 cm. | |
| 504 | @aIncludes bibliographical references (p. [317]-334) and index. | |
| 650 | 0 | @aMathematics@xPhilosophy. |
| 856 | 42 | @3 Contributor biographical information@uhttp://www.loc.gov/catdir/enhancements/fy0723/96038483-b.html |
| 856 | 42 | @3 Publisher description@uhttp://www.loc.gov/catdir/enhancements/fy0636/96038483-d.html |
| 906 | @a7@bcbc@corignew@d1@eocip@f19@gy-gencatlg | |
| 920 | @a** LC HAS REQ’D # OF SHELF COPIES ** | |
| 955 | @apc03 to ja00 08-14-96; jd20 08-16-96; jd99 08-16-96; jd85 08-21-96; CIP ver. pv04 10-02-97 | |
| 991 | @bc-GenColl@hQA8.4@i.H47 1997@p0003809192A@tCopy 1@wBOOKS | |
| What is mathematics, really? / / Reuben Hersh.-New York : : Oxford University Press, , 1997. |
| xxiv, 343 p. : : ill. ; ; 25 cm. |
| Includes bibliographical references (p. [317]-334) and index. |
| ISBN 0-224-04417-6. |
| ● |
| 相关链接 |
|
|
|
|
正题名:What is mathematics, really?
索取号:B80-05/x44
 
预约/预借
| 序号 | 登录号 | 条形码 | 馆藏地/架位号 | 状态 | 备注 |
| 1 | 10359 | 300103590 | 第二样本阅览室/ [索取号:B80-05/x44] | 在馆 |